000 00825nam a2200217Ia 4500
003 GCL
008 140319s9999 xx 000 0 ara d
040 _aGCL /
_cGCL
082 0 4 _aد
_b324.696
_bع أ
100 1 _aعبدالملك عوده
245 1 0 _aكتاب الاهرام الاقتصادى 223 ابريل 2006 : الانتخابات فى الدول الافريقية /
_cعبدالملك عوده
260 _aالقاهرة :
_bمؤسسة الاهرام
300 _a80 ص ؛
_c24 سم
490 _aكتاب الاهرام الاقتصادى
_v223
650 0 4 _aالانتخابات
650 0 4 _aالديمقراطية
650 0 4 _aافريقيا - الاحوال السياسية
650 0 4 _aالدعاية الانتخابية
650 0 4 _aالانتخابات - افريقيا
942 _2ddc
_cBK
999 _c7881
_d7881